Arima Kinen Winning Horse - Statistics

General Stats
  • This quiz has been taken 57 times
    56 since last reset
  • The average score is 22 of 62
Answer Stats
Answer % Correct
Gold Ship ゴールドシップ
94%
Oguri Cap オグリキャップ
92%
Symboli Rudolf シンボリルドルフ
89%
Tokai Teio トウカイテイオー
89%
Kitasan Black キタサンブラック
86%
T M Opera O テイエムオペラオー
86%
Deep Impact ディープインパクト
81%
Grass Wonder グラスワンダー
78%
Orfevre オルフェーヴル
78%
Narita Brian ナリタブライアン
75%
Gentildonna ジェンティルドンナ
72%
Daiwa Scarlet ダイワスカーレット
69%
Satono Diamond サトノダイヤモンド
69%
Equinox イクイノックス
67%
Dream Journey ドリームジャーニー
61%
Manhatten Cafe マンハッタンカフェ
61%
Inari One イナリワン
58%
Mejiro Palmer メジロパーマー
58%
Symboli Kris S シンボリクリスエス
56%
Do Deuce ドウデュース
53%
Mayano Top Gun マヤノトップガン
50%
Speed Symboli スピードシンボリ
44%
Shinzan シンザン
42%
Chrono Genesis クロノジェネシス
39%
Zenno Rob Roy ゼンノロブロイ
39%
Heart's Cry ハーツクライ
36%
Sakura Laurel サクラローレル
36%
Gold Actor ゴールドアクター
33%
Blast Onepiece ブラストワンピース
31%
Dai Yusaku ダイユウサク
31%
Efforia エフフォーリア
28%
Lys Gracieux リスグラシュー
25%
Mejiro Durren メジロデュレン
25%
Tosho Boy トウショウボーイ
25%
Dyna Gulliver ダイナガリバー
22%
Green Grass グリーングラス
22%
Matsurida Gogh マツリダゴッホ
19%
Ten Point テンポイント
19%
Hoyo Boy ホウヨウボーイ
14%
Silk Justice シルクジャスティス
14%
Hakuchikara ハクチカラ
11%
Meiji Hikari メイヂヒカリ
11%
Victorie Pisa ヴィクトワールピサ
11%
Tomei トウメイ
8%
Amber Shadai アンバーシャダイ
6%
Kane Minobu カネミノブ
6%
Lead Hoyu リードホーユー
6%
Star Roch スターロツチ
6%
Tanino Chikara タニノチカラ
6%
Garnet ガーネツト
3%
Hikari Duel ヒカリデュール
3%
Ishino Arashi イシノアラシ
3%
Ishino Hikaru イシノヒカル
3%
Kabuto Ciro カブトシロー
3%
Onslaught オンスロート
3%
Ryuzuki リュウズキ
3%
Homareboshi ホマレボシ
0%
Korehide コレヒデ
0%
Onward There オンワードゼア
0%
Ryu Forel リユウフオーレル
0%
Strong Eight ストロングエイト
0%
Yamato Kyodai ヤマトキヨウダイ
0%
No matching quizzes found
Score Distribution
Percent of People with Each Score
Percentile by Number Answered
Your Score History
You have not taken this quiz since the last reset